000 00440nam a2200193Ia 4500
008 210210b1937 xxu||||| |||| 00| 0 eng d
041 _aeng
082 _a388/41
100 _aSEN (Susil C)
245 _aReport on the laws of insurance
260 _aDelhi
_bManager of Publications
_c1937
300 _a60
650 _aReport
650 _aon
650 _alaws
650 _ainsurance
690 _aInsurance
906 _a005700
999 _c125717
_d125717